[Event "Frauenbundesliga 2017-2018"]
[Site "Feffernitz, Grieskirchen, St. Veit/Glan"]
[Date "2017.11.25"]
[Round "2"]
[Board "3"]
[White "Konecny, Sophie"]
[Black "Kimpel, Janine"]
[Result "1/2-1/2"]
[WhiteElo "1818"]
[BlackElo "1872"]
[PlyCount "44"]
[EventDate "2017.11.24"]
[EventType "team"]
[EventRounds "9"]
[EventCountry "AUT"]
[WhiteTeam "Mayrhofen/SK Zell/Zillertal"]
[BlackTeam "Schach ohne Grenzen"]

1. d4 d5 2. c4 e6 3. Nf3 Nf6 4. g3 Be7 5. Bg2 O-O 6. O-O c6 7. Qc2 Nbd7 8. b3
Ne4 9. Nc3 Nxc3 10. Qxc3 Bf6 11. Bb2 g6 12. Rac1 Bg7 13. Rfd1 Re8 14. Qd3 Nc5
15. Qc2 Ne4 16. Ne5 Nd6 17. e3 f6 18. Nd3 Rb8 19. Ba3 Nf7 20. Bb2 Nd6 21. Ba3
Nf7 22. Bb2 Nd6  1/2-1/2

[Event "Frauenbundesliga 2017-2018"]
[Site "Feffernitz, Grieskirchen, St. Veit/Glan"]
[Date "2017.11.25"]
[Round "2"]
[Board "4"]
[White "Roos, Karin"]
[Black "Roeck, Vanessa"]
[Result "1-0"]
[WhiteElo "1705"]
[BlackElo "1627"]
[PlyCount "121"]
[EventDate "2017.11.24"]
[EventType "team"]
[EventRounds "9"]
[EventCountry "AUT"]
[WhiteTeam "Schach ohne Grenzen"]
[BlackTeam "Mayrhofen/SK Zell/Zillertal"]

1. e4 d6 2. Nc3 Nf6 3. f4 g6 4. Nf3 Bg7 5. Bc4 O-O 6. Bb3 Na6 7. d3 Nc5 8. O-O
c6 9. Qe1 Nxb3 10. axb3 Ng4 11. h3 Nf6 12. Be3 b6 13. Qh4 h5 14. f5 Nh7 15. Bd4
Bxd4+ 16. Nxd4 Bd7 17. Qg3 Qe8 18. e5 dxe5 19. fxg6 fxg6 20. Qxe5 Nf6 21. Ne6
Bxe6 22. Qxe6+ Kg7 23. Rae1 Rf7 24. Ne4 Nxe4 25. Rxf7+ Qxf7 26. Qxe4 Rf8 27.
Qxe7 Qxe7 28. Rxe7+ Rf7 29. Re6 Rf6 30. Re8 Kf7 31. Ra8 a5 32. Rb8 c5 33. Rb7+
Ke8 34. g3 Kd8 35. Kg2 Kc8 36. Rg7 Kd8 37. g4 Ke8 38. gxh5 gxh5 39. Rg5 Rh6 40.
Kf3 Kf7 41. Kf4 Kf6 42. h4 Rh8 43. c3 Rh6 44. Ke4 Ke6 45. d4 cxd4 46. Kxd4 Kd6
47. Kc4 Kc6 48. b4 axb4 49. Kxb4 Kc7 50. Kb5 Kd7 51. c4 Kc7 52. b4 Kd7 53. Ka6
Kc7 54. Kb5 Kd7 55. c5 bxc5 56. bxc5 Kc7 57. Rg7+ Kd8 58. c6 Rf6 59. Rh7 Rf5+
60. Kb6 Rf6 61. Rh8+  1-0

[Event "Frauenbundesliga 2017-2018"]
[Site "Feffernitz, Grieskirchen, St. Veit/Glan"]
[Date "2017.11.25"]
[Round "2"]
[Board "1"]
[White "Mar, Karmen"]
[Black "Exler, Veronika"]
[Result "0-1"]
[WhiteElo "2047"]
[BlackElo "2194"]
[PlyCount "96"]
[EventDate "2017.11.24"]
[EventType "team"]
[EventRounds "9"]
[EventCountry "AUT"]
[WhiteTeam "SC Extraherb WS"]
[BlackTeam "ASVOE Wulkaprodersdorf"]

1. e4 c6 2. d4 d5 3. Nd2 g6 4. e5 Bg7 5. Bd3 c5 6. c3 Nc6 7. Ne2 Nh6 8. Nf3 Bg4
9. h3 Bxf3 10. gxf3 cxd4 11. cxd4 Qa5+ 12. Bd2 Qb6 13. Qa4 e6 14. Rc1 O-O 15.
Qb5 Nxd4 16. Nxd4 Qxd4 17. f4 Qb6 18. Qxb6 axb6 19. a3 Rfc8 20. Ke2 Nf5 21.
Bxf5 gxf5 22. Be3 b5 23. Bc5 Rc6 24. Kd2 Rac8 25. b4 f6 26. Bd4 Rxc1 27. Rxc1
Rxc1 28. Kxc1 Bh6 29. Be3 fxe5 30. fxe5 f4 31. Bb6 Kf7 32. Kd2 Kg6 33. Kd3 Kf5
34. Kd4 f3 35. Bc7 Bc1 36. Bd6 Bb2+ 37. Ke3 Bxa3 38. Kxf3 Bb2 39. Ke3 Bxe5 40.
Bc5 Bb2 41. Bd6 e5 42. f3 Bd4+ 43. Ke2 Kf4 44. h4 h5 45. Bc7 Kf5 46. Kd3 Bf2
47. Bd8 Be1 48. Be7 Ke6  0-1

[Event "Frauenbundesliga 2017-2018"]
[Site "Feffernitz, Grieskirchen, St. Veit/Glan"]
[Date "2017.11.25"]
[Round "2"]
[Board "2"]
[White "Newrkla, Katharina"]
[Black "Landl, Margot"]
[Result "1-0"]
[WhiteElo "2175"]
[BlackElo "1903"]
[PlyCount "81"]
[EventDate "2017.11.24"]
[EventType "team"]
[EventRounds "9"]
[EventCountry "AUT"]
[WhiteTeam "ASVOE Wulkaprodersdorf"]
[BlackTeam "SC Extraherb WS"]

1. e4 e5 2. Nf3 Nc6 3. d4 exd4 4. Nxd4 Bc5 5. Nb3 Bb6 6. Qe2 d6 7. Nc3 Nf6 8.
Bg5 h6 9. Bh4 g5 10. Bg3 Nd4 11. Qd3 Nxb3 12. axb3 Be6 13. h4 Rg8 14. O-O-O Nh5
15. Nd5 Nxg3 16. Qxg3 Rg6 17. h5 Rg7 18. e5 Bxd5 19. Rxd5 Bc5 20. Kb1 c6 21.
Rd1 d5 22. Bd3 Qb6 23. Qg4 Qb4 24. Qxb4 Bxb4 25. Rh3 O-O-O 26. Rf3 Re8 27. Rf6
Rh8 28. c3 Be7 29. Rf3 Rf8 30. Re1 Kc7 31. e6 Kd6 32. Bf5 f6 33. Kc2 Kc7 34.
Ra1 a6 35. Rd3 Bd6 36. c4 dxc4 37. bxc4 Bf4 38. Rad1 Rfg8 39. Rd7+ Rxd7 40.
Rxd7+ Kb6 41. e7  1-0

[Event "Frauenbundesliga 2017-2018"]
[Site "Feffernitz, Grieskirchen, St. Veit/Glan"]
[Date "2017.11.25"]
[Round "2"]
[Board "3"]
[White "Zechner, Andrea"]
[Black "Moerwald, Miriam"]
[Result "1/2-1/2"]
[WhiteElo "1818"]
[BlackElo "1625"]
[PlyCount "154"]
[EventDate "2017.11.24"]
[EventType "team"]
[EventRounds "9"]
[EventCountry "AUT"]
[WhiteTeam "SC Extraherb WS"]
[BlackTeam "ASVOE Wulkaprodersdorf"]

1. d4 d5 2. c4 c5 3. Nf3 Nf6 4. e3 Nc6 5. Nc3 e6 6. Bd3 Nb4 7. Be2 a6 8. b3 Bd6
9. O-O O-O 10. a3 Nc6 11. dxc5 Bxc5 12. b4 Bd6 13. cxd5 Nxd5 14. Nxd5 exd5 15.
Bb2 Re8 16. Qb3 Be6 17. Qc3 Bf8 18. Rfd1 Rc8 19. Qd2 Be7 20. Rac1 b5 21. h3 Bf6
22. Rc5 Bxb2 23. Qxb2 Qe7 24. Rdc1 Qd6 25. Bd3 Bd7 26. Bb1 Ne7 27. Qe5 Qxe5 28.
Nxe5 Be6 29. Ba2 Red8 30. Rxc8 Rxc8 31. Rxc8+ Nxc8 32. Nc6 Nb6 33. Nd4 Bd7 34.
Kf1 Nc4 35. Nc2 Bf5 36. Bxc4 dxc4 37. Nd4 Be4 38. f3 Bb7 39. Ke2 g6 40. Kd2 Kg7
41. a4 a5 42. Kc3 axb4+ 43. Kxb4 bxa4 44. Kxa4 c3 45. Kb3 Ba6 46. h4 Bf1 47. g3
h6 48. Kxc3 Ba6 49. Kb4 Bb7 50. Kc5 f5 51. Kd6 Kf6 52. f4 Be4 53. Nc6 Bf3 54.
Nb8 Be4 55. Nd7+ Kf7 56. Ke5 Bc6 57. Nc5 h5 58. Nb3 Ke7 59. Nd4 Bd7 60. e4 fxe4
61. Kxe4 Kf6 62. Kd5 Bg4 63. Kd6 Bf5 64. Nc6 Bg4 65. Nd4 Bh3 66. Kd5 Bg2+ 67.
Kd6 Bh3 68. Kc5 Bg4 69. Kc4 Bh3 70. Kd3 Bf1+ 71. Ke3 Bh3 72. Kf3 Bg4+ 73. Ke4
Bh3 74. Kf3 Bg4+ 75. Ke4 Bh3 76. Kf3 Bg4+ 77. Ke4 Bh3  1/2-1/2

[Event "Frauenbundesliga 2017-2018"]
[Site "Feffernitz, Grieskirchen, St. Veit/Glan"]
[Date "2017.11.25"]
[Round "2"]
[Board "4"]
[White "Tschida, Verena"]
[Black "Majkovski, Sarah"]
[Result "1-0"]
[WhiteElo "1600"]
[BlackElo "1633"]
[PlyCount "90"]
[EventDate "2017.11.24"]
[EventType "team"]
[EventRounds "9"]
[EventCountry "AUT"]
[WhiteTeam "ASVOE Wulkaprodersdorf"]
[BlackTeam "SC Extraherb WS"]

1. d4 d5 2. c4 e6 3. Nc3 Nf6 4. Bg5 Bb4 5. a3 Bxc3+ 6. bxc3 h6 7. Bh4 g5 8. Bg3
Ne4 9. Qb3 h5 10. f3 Nxg3 11. hxg3 Qd6 12. Kf2 Nd7 13. c5 Qe7 14. e3 c6 15. c4
f6 16. Bd3 Kf7 17. cxd5 cxd5 18. Qc2 f5 19. Ne2 Nf6 20. Rab1 Rb8 21. a4 Bd7 22.
a5 Bc6 23. Nc3 Qd7 24. Nb5 Bxb5 25. Rxb5 Rhc8 26. Qb2 Rc7 27. a6 Qc6 28. Rb4
Qd7 29. Rb1 g4 30. Rxb7 Rbc8 31. Rxc7 Rxc7 32. Qa3 Qc8 33. Rb4 Nd7 34. Qb3 Qa8
35. Rb7 Qc8 36. Rxc7 Qxc7 37. Qb7 Qb8 38. Qxd7+ Kf6 39. Qb7 Qh8 40. Qc7 Qa8 41.
c6 gxf3 42. gxf3 f4 43. Qxf4+ Ke7 44. Qc7+ Kf6 45. Qb7 Qh8  1-0

[Event "Frauenbundesliga 2017-2018"]
[Site "Feffernitz, Grieskirchen, St. Veit/Glan"]
[Date "2017.11.25"]
[Round "2"]
[Board "1"]
[White "Unuk, Laura"]
[Black "Urh, Zala"]
[Result "1-0"]
[WhiteElo "2329"]
[BlackElo "1978"]
[PlyCount "55"]
[EventDate "2017.11.24"]
[EventType "team"]
[EventRounds "9"]
[EventCountry "AUT"]
[WhiteTeam "SK Baden"]
[BlackTeam "SV Chesshero Rapid Feffernitz"]

1. d4 Nf6 2. c4 e6 3. Nc3 Bb4 4. f3 c5 5. d5 b5 6. e4 bxc4 7. Bxc4 Nxd5 8. Bxd5
exd5 9. Qxd5 Nc6 10. Nge2 Ba6 11. a3 Ba5 12. Be3 Ne7 13. Qg5 h6 14. Qxg7 Rg8
15. Qxh6 Bxe2 16. Kxe2 Rxg2+ 17. Kf1 Rg6 18. Qh8+ Rg8 19. Qh5 Bxc3 20. bxc3 Qb6
21. Rg1 Qb5+ 22. Ke1 d6 23. Rxg8+ Nxg8 24. Rd1 O-O-O 25. Qxf7 Qb2 26. Bg5 Qxc3+
27. Kf2 Qb2+ 28. Rd2  1-0

[Event "Frauenbundesliga 2017-2018"]
[Site "Feffernitz, Grieskirchen, St. Veit/Glan"]
[Date "2017.11.25"]
[Round "2"]
[Board "2"]
[White "Sommer, Hannah"]
[Black "Kordzadze, Nino"]
[Result "1/2-1/2"]
[WhiteElo "1779"]
[BlackElo "1935"]
[PlyCount "152"]
[EventDate "2017.11.24"]
[EventType "team"]
[EventRounds "9"]
[EventCountry "AUT"]
[WhiteTeam "SV Chesshero Rapid Feffernitz"]
[BlackTeam "SK Baden"]

1. d4 Nf6 2. c4 e6 3. Nc3 d5 4. Bg5 Be7 5. Nf3 O-O 6. e3 Nbd7 7. Be2 b6 8. O-O
Bb7 9. cxd5 Nxd5 10. Bxe7 Qxe7 11. a3 Nxc3 12. bxc3 Rfd8 13. Qc2 e5 14. Nd2 Nf6
15. a4 a5 16. Nb3 Nd7 17. Rfd1 Qg5 18. Bf1 Nf6 19. g3 exd4 20. f4 Qd5 21. e4
Qxe4 22. Qxe4 Nxe4 23. cxd4 Bd5 24. Re1 f5 25. Nc1 Nd2 26. Rd1 Ne4 27. Bg2 Bc4
28. Bf1 Bxf1 29. Kxf1 Nc3 30. Rd3 Nd5 31. Ne2 Re8 32. Nc3 Nb4 33. Rd2 Re3 34.
Nb5 c5 35. dxc5 bxc5 36. Rc1 Nd3 37. Rc3 Rd8 38. Rxc5 Re1+ 39. Kg2 Nxf4+ 40.
Kf2 Rxd2+ 41. Kxe1 Nd3+ 42. Kxd2 Nxc5 43. Na3 Nxa4 44. Nc4 Kf7 45. Nxa5 Kf6 46.
Ke3 Nc5 47. Nc4 Ne6 48. h4 g5 49. hxg5+ Kxg5 50. Ne5 h5 51. Kf3 Nc5 52. Nc4 Ne4
53. Ne3 Nf6 54. Ng2 Ng4 55. Nf4 Ne5+ 56. Kg2 Kg4 57. Nd5 Nd7 58. Ne3+ Kg5 59.
Kh3 Nf6 60. Ng2 Ne4 61. Ne3 Nf2+ 62. Kg2 Ng4 63. Nd5 Ne5 64. Ne3 Ng6 65. Kf3
Kf6 66. Nc4 Ne5+ 67. Nxe5 Kxe5 68. Ke3 Kf6 69. Kf4 Kg6 70. Ke3 Kf6 71. Kf4 Kg6
72. Ke3 Kf6 73. Kf4 Kg6 74. Ke3 Kg7 75. Kf4 Kg6 76. Ke3 Kf6  1/2-1/2

[Event "Frauenbundesliga 2017-2018"]
[Site "Feffernitz, Grieskirchen, St. Veit/Glan"]
[Date "2017.11.25"]
[Round "2"]
[Board "3"]
[White "Stallinger, Vanessa"]
[Black "Zoehrer, Sarah"]
[Result "1/2-1/2"]
[WhiteElo "1789"]
[BlackElo "1735"]
[PlyCount "80"]
[EventDate "2017.11.24"]
[EventType "team"]
[EventRounds "9"]
[EventCountry "AUT"]
[WhiteTeam "SK Baden"]
[BlackTeam "SV Chesshero Rapid Feffernitz"]

1. e4 d5 2. exd5 Qxd5 3. Nc3 Qd6 4. d4 Nf6 5. Nf3 a6 6. Be2 b5 7. a3 Bb7 8. O-O
e6 9. Re1 Nbd7 10. Be3 Be7 11. Na2 Ng4 12. Bd3 Bxf3 13. Qxf3 Qxh2+ 14. Kf1
Nxe3+ 15. fxe3 O-O 16. Ke2 f5 17. Rh1 Qd6 18. g4 g6 19. Qh3 Nf6 20. gxf5 exf5
21. Rag1 Kf7 22. Qg2 Rg8 23. Nc3 c6 24. Qf2 Ke6 25. e4 fxe4 26. Nxe4 Nxe4 27.
Bxe4 Rg7 28. c3 Rf8 29. Qg2 Kd7 30. d5 c5 31. Rh2 Qe5 32. Kd1 Bd6 33. Qh3+ Kc7
34. Re2 Qf6 35. Rge1 Qg5 36. Qd3 Qg3 37. Qc2 Rgf7 38. a4 Rf1 39. axb5 Rxe1+ 40.
Rxe1 axb5  1/2-1/2

[Event "Frauenbundesliga 2017-2018"]
[Site "Feffernitz, Grieskirchen, St. Veit/Glan"]
[Date "2017.11.25"]
[Round "2"]
[Board "4"]
[White "Oberberger, Bianca"]
[Black "Panzenboeck, Sophie"]
[Result "0-1"]
[WhiteElo "1194"]
[BlackElo "1509"]
[PlyCount "96"]
[EventDate "2017.11.24"]
[EventType "team"]
[EventRounds "9"]
[EventCountry "AUT"]
[WhiteTeam "SV Chesshero Rapid Feffernitz"]
[BlackTeam "SK Baden"]

1. d4 d5 2. e3 Nf6 3. Bd3 g6 4. f4 Bg7 5. Nf3 Nbd7 6. Nbd2 b6 7. b3 Bb7 8. Bb2
Rc8 9. O-O O-O 10. c4 c5 11. Rc1 e6 12. Ne5 cxd4 13. Bxd4 dxc4 14. Rxc4 Nxe5
15. fxe5 Nd7 16. Rxc8 Qxc8 17. Nf3 Bxf3 18. Qxf3 Bxe5 19. Bxe5 Nxe5 20. Qe2
Nxd3 21. Qxd3 Rd8 22. Qe2 Rd5 23. Rd1 Rc5 24. Qb2 Rc2 25. Rd8+ Qxd8 26. Qxc2
Kg7 27. Kf2 Qh4+ 28. Ke2 Qxh2 29. Qe4 Qh5+ 30. Qf3 Qxf3+ 31. gxf3 h5 32. f4 Kf6
33. Kf3 e5 34. Kg3 exf4+ 35. exf4 Kf5 36. Kf3 f6 37. Kg3 h4+ 38. Kxh4 Kxf4 39.
Kh3 Kf3 40. Kh2 Kf2 41. Kh3 g5 42. Kg4 Ke3 43. Kf5 Kd3 44. a3 a5 45. b4 axb4
46. axb4 Kc4 47. b5 Kxb5 48. Kg4 Kc4  0-1

[Event "Frauenbundesliga 2017-2018"]
[Site "Feffernitz, Grieskirchen, St. Veit/Glan"]
[Date "2017.11.25"]
[Round "2"]
[Board "1"]
[White "Novkovic, Julia"]
[Black "Richterova, Natasa"]
[Result "1/2-1/2"]
[WhiteElo "2151"]
[BlackElo "2181"]
[PlyCount "140"]
[EventDate "2017.11.24"]
[EventType "team"]
[EventRounds "9"]
[EventCountry "AUT"]
[WhiteTeam "SK Dornbirn"]
[BlackTeam "Spg. Steyr"]

1. e4 d6 2. d4 Nf6 3. Nc3 Nbd7 4. h3 e5 5. g4 h6 6. Nge2 Be7 7. Ng3 exd4 8.
Qxd4 Ne5 9. Bg2 Nc6 10. Qd1 Nh7 11. Nd5 Bg5 12. Nh5 g6 13. Nhf4 Nf6 14. Be3
Nxd5 15. Nxd5 Bxe3 16. Nxe3 h5 17. Qe2 hxg4 18. hxg4 Rxh1+ 19. Bxh1 Qh4 20.
O-O-O Qg5 21. Rf1 Be6 22. f4 Qc5 23. Nd5 O-O-O 24. g5 Nd4 25. Qd3 Bxd5 26. exd5
Re8 27. Be4 Nxc2 28. Qh3+ Kd8 29. Bxc2 Re2 30. Qd3 Re3 31. Qd2 Re8 32. Rd1 Qc4
33. Kb1 a6 34. Qd4 Qe2 35. Qf6+ Re7 36. Qd4 Qh2 37. Bd3 Qh5 38. Rc1 Qf3 39. Bc2
Qe3 40. Qb4 Kc8 41. Rd1 Kb8 42. Qd4 Qe2 43. a3 Re8 44. Qf6 Re7 45. Rh1 Ka7 46.
Qd4+ b6 47. Rh8 Qf1+ 48. Bd1 Re1 49. Kc2 Qg2+ 50. Kb3 Qe4 51. Qxe4 Rxe4 52. Rh3
Rxf4 53. Rg3 b5 54. Kc3 Kb6 55. b4 a5 56. Bb3 Rf2 57. Bd1 Ra2 58. Kd4 axb4 59.
axb4 Rd2+ 60. Rd3 Rg2 61. Rc3 Rd2+ 62. Rd3 Rg2 63. Bf3 Rxg5 64. Rc3 Rf5 65.
Rc6+ Kb7 66. Be2 Rf4+ 67. Kc3 Rf5 68. Kd4 Rf4+ 69. Kc3 Rf5 70. Kd4 Rf4+  1/2-1/2

[Event "Frauenbundesliga 2017-2018"]
[Site "Feffernitz, Grieskirchen, St. Veit/Glan"]
[Date "2017.11.25"]
[Round "2"]
[Board "2"]
[White "Saler-Grafenberger, Elisabeth"]
[Black "Kurapova, Olga"]
[Result "0-1"]
[WhiteElo "1907"]
[BlackElo "1964"]
[PlyCount "78"]
[EventDate "2017.11.24"]
[EventType "team"]
[EventRounds "9"]
[EventCountry "AUT"]
[WhiteTeam "Spg. Steyr"]
[BlackTeam "SK Dornbirn"]

1. c4 Nf6 2. Nc3 g6 3. g3 Bg7 4. Bg2 O-O 5. Nf3 c6 6. d4 d5 7. cxd5 cxd5 8. O-O
Nc6 9. e3 Bg4 10. h3 Bxf3 11. Bxf3 Qd7 12. Bg2 e6 13. a3 Na5 14. Re1 Rac8 15.
Bf1 Nc4 16. Bxc4 Rxc4 17. Qd3 Rfc8 18. Bd2 h6 19. Re2 Nh7 20. f4 f5 21. Rg2 Nf6
22. g4 Ne4 23. gxf5 gxf5 24. Kh2 Kh7 25. Rag1 Rg8 26. Nxe4 fxe4 27. Qe2 Qf7 28.
Bb4 Rcc8 29. Bd6 Bf6 30. Qb5 a6 31. Qb6 Rxg2+ 32. Rxg2 Rg8 33. Rxg8 Kxg8 34.
Qc7 Bh4 35. Qc8+ Kh7 36. Be5 Kg6 37. Qc2 Kf5 38. Qc8 Bf2 39. Qh8 Kg6  0-1

[Event "Frauenbundesliga 2017-2018"]
[Site "Feffernitz, Grieskirchen, St. Veit/Glan"]
[Date "2017.11.25"]
[Round "2"]
[Board "3"]
[White "Bas, Aydan"]
[Black "Hackbarth, Christa"]
[Result "0-1"]
[WhiteElo "1497"]
[BlackElo "1818"]
[PlyCount "86"]
[EventDate "2017.11.24"]
[EventType "team"]
[EventRounds "9"]
[EventCountry "AUT"]
[WhiteTeam "SK Dornbirn"]
[BlackTeam "Spg. Steyr"]

1. e4 c6 2. Nc3 d5 3. Nf3 e6 4. d4 Bb4 5. e5 c5 6. a3 cxd4 7. axb4 dxc3 8. bxc3
Qc7 9. Bb2 Nc6 10. Bb5 Nge7 11. O-O Bd7 12. c4 Nxb4 13. c3 Nbc6 14. cxd5 Nxd5
15. c4 Nde7 16. Qd6 Qxd6 17. exd6 Nf5 18. Rfd1 O-O 19. c5 f6 20. Bc4 Rfe8 21.
h3 b6 22. g4 Nh6 23. cxb6 axb6 24. Bc3 Nf7 25. Rab1 Rab8 26. Bb5 Red8 27. Rd3
Nce5 28. Nxe5 fxe5 29. Bxd7 Rxd7 30. Re1 Rbd8 31. Bb4 Kf8 32. h4 Rc8 33. Rf3
Ke8 34. Rd3 Rc4 35. Bc3 Rxg4+ 36. Kh2 Rxh4+ 37. Kg3 Rh5 38. Rde3 Rxd6 39. Bxe5
Nxe5 40. Rxe5 Rxe5 41. Rxe5 Ke7 42. Rb5 Kf6 43. Kf4 h6  0-1

[Event "Frauenbundesliga 2017-2018"]
[Site "Feffernitz, Grieskirchen, St. Veit/Glan"]
[Date "2017.11.25"]
[Round "2"]
[Board "4"]
[White "Nagy, Laura"]
[Black "Pribozic, Sabrina"]
[Result "1-0"]
[WhiteElo "1803"]
[BlackElo "1520"]
[PlyCount "115"]
[EventDate "2017.11.24"]
[EventType "team"]
[EventRounds "9"]
[EventCountry "AUT"]
[WhiteTeam "Spg. Steyr"]
[BlackTeam "SK Dornbirn"]

1. e4 e5 2. Nf3 Nc6 3. Bc4 Nf6 4. O-O Be7 5. Re1 d6 6. c3 O-O 7. d4 Na5 8. Bd3
Nc6 9. d5 Nb8 10. Nbd2 a6 11. c4 Nbd7 12. Nf1 h6 13. Ng3 Re8 14. b4 Bf8 15. Bd2
g6 16. Qc1 Kh7 17. Bc3 Rb8 18. a4 b6 19. Bd2 Bb7 20. h3 Qc8 21. Qd1 c5 22. b5
axb5 23. axb5 Ra8 24. Qe2 Bg7 25. h4 Rf8 26. h5 g5 27. Nf5 Qc7 28. Nh2 Rxa1 29.
Rxa1 Ra8 30. Rxa8 Bxa8 31. Nxg7 Kxg7 32. Nf1 Ng8 33. Ng3 Ne7 34. Be3 Qa7 35.
Qf3 Qb8 36. Nf5+ Nxf5 37. Qxf5 Qe8 38. Be2 Bb7 39. Bg4 Bc8 40. g3 Qe7 41. f4
gxf4 42. gxf4 Qe8 43. fxe5 Qxe5 44. Qf4 Qg5 45. Qxg5+ hxg5 46. Bxg5 f6 47. Bf4
Kh8 48. Bxd6 Kh7 49. Kf2 Kg7 50. Bc7 Kh6 51. Bxd7 Bxd7 52. Bxb6 Kxh5 53. Bxc5
Kg5 54. Be3+ Kg6 55. b6 Bc8 56. c5 Kf7 57. c6 Ke7 58. b7  1-0

[Event "Frauenbundesliga 2017-2018"]
[Site "Feffernitz, Grieskirchen, St. Veit/Glan"]
[Date "2017.11.25"]
[Round "2"]
[Board "1"]
[White "Hiebler, Laura"]
[Black "Theissl-Pokorna, Regina"]
[Result "0-1"]
[WhiteElo "2039"]
[BlackElo "2320"]
[PlyCount "68"]
[EventDate "2017.11.24"]
[EventType "team"]
[EventRounds "9"]
[EventCountry "AUT"]
[WhiteTeam "SV OEkothek St. Veit/Glan"]
[BlackTeam "ASVOE Pamhagen"]

1. c4 e6 2. Nf3 Nf6 3. g3 d5 4. Bg2 c5 5. b3 Nc6 6. Bb2 d4 7. O-O Be7 8. e3 O-O
9. Na3 e5 10. exd4 exd4 11. d3 Bf5 12. Nc2 Nd7 13. Re1 Bf6 14. b4 Rc8 15. Rb1
b6 16. Bc1 cxb4 17. Nxb4 Nxb4 18. Rxb4 Nc5 19. Bf1 Re8 20. Rxe8+ Qxe8 21. Bf4
Qe6 22. Rb2 Bg4 23. Be2 Re8 24. Kf1 h5 25. Ng1 Bf5 26. Nf3 Qc6 27. Kg1 Na4 28.
Rc2 Nc3 29. Qf1 Rxe2 30. Rxe2 Qxf3 31. Re8+ Kh7 32. Qg2 Qxd3 33. Re1 Ne2+ 34.
Kh1 Be4  0-1

[Event "Frauenbundesliga 2017-2018"]
[Site "Feffernitz, Grieskirchen, St. Veit/Glan"]
[Date "2017.11.25"]
[Round "2"]
[Board "2"]
[White "Hapala, Elisabeth"]
[Black "Kejzar, Petra"]
[Result "1-0"]
[WhiteElo "2091"]
[BlackElo "2071"]
[PlyCount "105"]
[EventDate "2017.11.24"]
[EventType "team"]
[EventRounds "9"]
[EventCountry "AUT"]
[WhiteTeam "ASVOE Pamhagen"]
[BlackTeam "SV OEkothek St. Veit/Glan"]

1. e4 c5 2. Nf3 Nc6 3. d4 cxd4 4. Nxd4 Nf6 5. Nc3 d6 6. Bg5 e6 7. Qd2 a6 8. f3
Be7 9. Be3 Qc7 10. O-O-O b5 11. Nxc6 Qxc6 12. Kb1 Bb7 13. Ne2 O-O 14. Nd4 Qc7
15. g4 Nd7 16. h4 d5 17. exd5 Bxd5 18. Be2 Nb6 19. g5 Nc4 20. Bxc4 bxc4 21. Bf4
Qb7 22. Rhf1 Rfc8 23. c3 a5 24. Ka1 a4 25. a3 Bc5 26. Be5 Qe7 27. Nc2 Ra6 28.
h5 Rb6 29. Nb4 Bxb4 30. cxb4 c3 31. Bxc3 Rc4 32. h6 Qc7 33. hxg7 Rf4 34. Qd3
Rf5 35. Rh1 Rb8 36. Rh3 Bc4 37. Qd4 Qf4 38. Qxf4 Rxf4 39. Rxh7 Kxh7 40. Rh1+
Kg6 41. b3 Rxf3 42. Rh6+ Kxg5 43. Rh8 Bd3 44. bxa4 Bh7 45. Rxb8 Rxc3 46. Kb2
Rc7 47. a5 f5 48. g8=Q+ Bxg8 49. Rxg8+ Kf6 50. a6 Ke5 51. b5 Kd6 52. b6 Rc6 53.
Rb8  1-0

[Event "Frauenbundesliga 2017-2018"]
[Site "Feffernitz, Grieskirchen, St. Veit/Glan"]
[Date "2017.11.25"]
[Round "2"]
[Board "3"]
[White "Tarmastin, Laura"]
[Black "Horvath, Maria"]
[Result "1-0"]
[WhiteElo "1883"]
[BlackElo "1980"]
[PlyCount "101"]
[EventDate "2017.11.24"]
[EventType "team"]
[EventRounds "9"]
[EventCountry "AUT"]
[WhiteTeam "SV OEkothek St. Veit/Glan"]
[BlackTeam "ASVOE Pamhagen"]

1. e4 c5 2. Nf3 Nc6 3. d4 cxd4 4. Nxd4 Qc7 5. Be3 Nf6 6. Nc3 e6 7. a3 a6 8. Be2
d6 9. O-O Be7 10. Qe1 Ne5 11. f3 O-O 12. Rd1 Nc4 13. Bxc4 Qxc4 14. Nb3 b5 15.
Qg3 Rd8 16. Bb6 Bd7 17. Rd4 Qc6 18. Bxd8 Rxd8 19. Rfd1 a5 20. Rxd6 Bxd6 21.
Qxd6 Qxd6 22. Rxd6 b4 23. axb4 axb4 24. Na4 Rb8 25. Nac5 Be8 26. Na6 Rc8 27.
Nxb4 Ba4 28. Nd4 e5 29. Ndc6 Kf8 30. Rd8+ Rxd8 31. Nxd8 Ke7 32. Nb7 Bd7 33. Kf2
Bc8 34. Nc5 Kd6 35. Ncd3 Bb7 36. Ke3 g5 37. c4 Nd7 38. Nd5 h5 39. b4 g4 40. c5+
Ke6 41. Nc3 f5 42. exf5+ Kxf5 43. b5 Nb8 44. Nb4 h4 45. c6 Nxc6 46. bxc6 Bc8
47. Ne4 Be6 48. c7 gxf3 49. gxf3 Bd7 50. c8=Q Bxc8 51. Nd6+  1-0

[Event "Frauenbundesliga 2017-2018"]
[Site "Feffernitz, Grieskirchen, St. Veit/Glan"]
[Date "2017.11.25"]
[Round "2"]
[Board "4"]
[White "Kosc, Renata"]
[Black "Krassnitzer, Maria"]
[Result "1-0"]
[WhiteElo "1989"]
[BlackElo "1620"]
[PlyCount "53"]
[EventDate "2017.11.24"]
[EventType "team"]
[EventRounds "9"]
[EventCountry "AUT"]
[WhiteTeam "ASVOE Pamhagen"]
[BlackTeam "SV OEkothek St. Veit/Glan"]

1. e4 d5 2. exd5 Qxd5 3. Nc3 Qa5 4. d4 Nf6 5. Nf3 Bg4 6. h3 Bh5 7. Be2 c6 8. g4
Bg6 9. Ne5 Nbd7 10. f4 h6 11. Nxg6 fxg6 12. Bd3 O-O-O 13. Qf3 Qc7 14. Bxg6 Nb6
15. Bf5+ Kb8 16. Be6 Rxd4 17. Be3 Rb4 18. O-O-O Nfd5 19. Nxd5 Nxd5 20. Bxd5
cxd5 21. Qxd5 Rc4 22. c3 e6 23. Qd8+ Qxd8 24. Rxd8+ Kc7 25. Rhd1 Re4 26. Bxa7
Rxf4 27. Bb8+  1-0

[Event "Frauenbundesliga 2017-2018"]
[Site "Feffernitz, Grieskirchen, St. Veit/Glan"]
[Date "2017.11.26"]
[Round "3"]
[Board "1"]
[White "Theissl-Pokorna, Regina"]
[Black "Fuchs, Judith"]
[Result "0-1"]
[WhiteElo "2320"]
[BlackElo "2286"]
[PlyCount "104"]
[EventDate "2017.11.24"]
[EventType "team"]
[EventRounds "9"]
[EventCountry "AUT"]
[WhiteTeam "ASVOE Pamhagen"]
[BlackTeam "Mayrhofen/SK Zell/Zillertal"]

1. e4 c6 2. c4 d5 3. exd5 cxd5 4. cxd5 Nf6 5. Nc3 Nxd5 6. Nf3 Nc6 7. Bc4 Nb6 8.
Bb3 Bf5 9. d4 e6 10. O-O Be7 11. h3 O-O 12. a3 Bf6 13. Be3 Ne7 14. Rc1 Ned5 15.
Qe2 Rc8 16. Nxd5 Nxd5 17. Rxc8 Qxc8 18. Rc1 Qd7 19. Ne5 Bxe5 20. dxe5 Nxe3 21.
Qxe3 Qb5 22. a4 Qa5 23. Rc5 Qb6 24. Qc3 h6 25. Rb5 Qa6 26. Ra5 Qb6 27. Rc5 Be4
28. Bc2 Bxc2 29. Qxc2 Qb4 30. b3 Qe1+ 31. Kh2 b6 32. Rb5 Rd8 33. a5 Rd2 34.
Qc8+ Kh7 35. Qc6 a6 36. Rb4 Rxf2 37. Re4 Qxa5 38. Qd7 Qd2 39. Qxd2 Rxd2 40. Rf4
Kg8 41. Re4 a5 42. Re3 b5 43. Kg3 Rd5 44. Kf4 a4 45. bxa4 bxa4 46. g4 Rb5 47.
Ra3 Rb4+ 48. Ke3 Rb3+ 49. Rxb3 axb3 50. Kd3 Kh7 51. Kc3 Kg6 52. h4 h5  0-1